000 00515nam a2200181Ia 4500
005 20250508160708.0
008 008 250505s9999 xx 000 0 eng d
037 _aTextual
040 _aFEDL
_beng
_cFEDL
041 _aeng
_2eng
084 _a808.2, HOD
_qFEDL
100 _aHodgson John
245 0 _aImprovisation : Discovery and creativity in drama
260 _aLondon, UK
_bMethuen and Company Limited
_c1967
300 _a209p.
942 _cTEXL
_h808.2, HOD
999 _c1366085
_d1366085